000 00726nam a22002177a 4500
005 20260212125122.0
010 _aENG-147819
020 _a9789391766924
_c695.00
035 _aEN-131351
037 _bDBAD
082 _a784.1
_21
100 _aSharma, Madhu
_987340
245 _aMusic and Communication/
_cMadhu Sharma; Rachna Saini [and] Anil Kumar Yadav
250 _a1
260 _aNew Delhi
_bAtharv Publications
_c2026
270 _bNew Delhi
_a110, Ist Floor, Gali No. 4, Harphool Vihar, Bapraula
_e110043
_matharvpublications@gmail.com
300 _a208p.
_c22cm(hb)
700 _aSaini, Rachna
_eAuthor
_987341
700 _aYadav, Anil Kumar
_eAuthor
_987342
942 _2ddc
_cEN
_h784.1
_mSHA
999 _c214838
_d214838